Statistics for Top 20 Hardest College Majors

Click here to take the quiz!

General Stats

  • This quiz has been taken 109 times
  • The average score is 8 of 20

Answer Stats

RankAnswer% Correct
2.Engineering
84%
3.Chemistry
83%
9.Biology
81%
4.Physics
80%
8.Mathematics
77%
15.Business/Finance
60%
14.Psychology
52%
7.Nursing
44%
19.Political Science
40%
1.Architecture
33%
10.Philosophy
27%
11.Music
22%
5.Biochemistry
19%
20.Journalism
16%
16.Environmental Science
10%
13.Kinesiology
9%
6.Biomedical Science
7%
18.Animal Science
6%
17.Foreign Languages
4%
12.Microbiology
2%

Score Distribution

Percentile by Number Answered

Percent of People with Each Score

Your Score History

You have not taken this quiz